Don Vasco de Quiroga / (Record no. 16655)
[ view plain ]
| 000 -CABECERA | |
|---|---|
| campo de control de longitud fija | 00494nam a2200169 a 4500 |
| 005 - FECHA Y HORA DE LA ÚLTIMA TRANSACCIÓN | |
| campo de control | 20210223121400.0 |
| 008 - ELEMENTOS DE LONGITUD FIJA--INFORMACIÓN GENERAL | |
| campo de control de longitud fija | 991125s1955 mx 000 0 spa u |
| 035 ## - NÚMERO DE CONTROL DEL SISTEMA | |
| Número de control de sistema | UPN01000016655 |
| 049 ## - COLECCIÓN | |
| Colección | CG |
| 050 #4 - SIGNATURA TOPOGRÁFICA DE LA BIBLIOTECA DEL CONGRESO | |
| Número de clasificación | LB475.6 Q57.2 |
| Número de documento/Ítem | I7.4 |
| 100 1# - ASIENTO PRINCIPAL--NOMBRE PERSONAL | |
| Nombre de persona | Isais Reyes, Jesús María, |
| Fechas asociadas al nombre | n. 1901 |
| 9 (RLIN) | 28921 |
| 245 10 - MENCIÓN DE TÍTULO | |
| Título | Don Vasco de Quiroga / |
| Mención de responsabilidad, etc. | Jesús Isaís Reyes. |
| 260 ## - PUBLICACIÓN, DISTRIBUCIÓN, ETC. | |
| Lugar de publicación, distribución, etc. | Pátzcuaro, Mich. : |
| Nombre del editor, distribuidor, etc. | CREFAL, |
| Fecha de publicación, distribución, etc. | 1955. |
| 300 ## - DESCRIPCIÓN FÍSICA | |
| Extensión | 54 p. |
| 600 14 - ASIENTO SECUNDARIO DE MATERIA - NOMBRE PERSONAL | |
| Nombre de persona | QUIROGA, VASCO DE, |
| Títulos y otros términos asociados al nombre | FRAY, |
| Fechas asociadas al nombre | 1470?-1565 |
| 905 ## - TIPO DE MATERIAL | |
| Tipo de material | Libro |
| Estado de retiro | Estado de pérdida | Fuente del sistema de clasificación o colocación | Estado dañado | No para préstamo | Código de colección | Localización permanente | Ubicación/localización actual | Ubicación en estantería | Total de préstamos | Clasificación | Código de barras | Fecha visto por última vez | Número de copia | Tipo de ítem Koha |
|---|---|---|---|---|---|---|---|---|---|---|---|---|---|---|
| Library of Congress Classification | Colección General | Bib. Gregorio Torres Quintero | Bib. Gregorio Torres Quintero | Planta baja | 9 | LB475.6 Q57.2 I7.4 | 63220 | 31/12/2020 | 1 | Libro |
